UM Logo

An optimal frequency-modulated hybrid MPPT algorithm for the LLC resonant converter in PV power applications / (Record no. 18905)

MARC details
000 -LEADER
fixed length control field 01077nam a22002537a 4500
003 - CONTROL NUMBER IDENTIFIER
control field OSt
005 - DATE AND TIME OF LATEST TRANSACTION
control field 20251020195619.0
008 - FIXED-LENGTH DATA ELEMENTS--GENERAL INFORMATION
fixed length control field 240205b ||||| |||| 00| 0 eng d
040 ## - CATALOGING SOURCE
Transcribing agency 0
082 ## - DEWEY DECIMAL CLASSIFICATION NUMBER
Classification number DPer 621.317 Ie21 January 2022 v. 37 n. 1
100 ## - MAIN ENTRY--PERSONAL NAME
Personal name Tang, Cheng-Yu.
Relator term author.
9 (RLIN) 51347
245 ## - TITLE STATEMENT
Title An optimal frequency-modulated hybrid MPPT algorithm for the LLC resonant converter in PV power applications /
Statement of responsibility, etc. Cheng-Yu Tang, Hsueh-Ju Wu, Chun-Yen Liao, and Hsiu-Hsien Wu.
260 ## - PUBLICATION, DISTRIBUTION, ETC. (IMPRINT)
Place of publication, distribution, etc. New York ;
Name of publisher, distributor, etc. The Institute of Electrical and Electronics Engineers, Inc. ,
Date of publication, distribution, etc. January 2022.
300 ## - PHYSICAL DESCRIPTION
Extent Volume 37, pages 944-954 :
Other physical details illustration ;
Dimensions 28 cm.
500 ## - GENERAL NOTE
General note IEEE Transactions on Power Electronics, v. 37 n 1, pages 944-954, January 2022.
650 #0 - SUBJECT ADDED ENTRY--TOPICAL TERM
Topical term or geographic name as entry element Frequency conversion.
9 (RLIN) 65743
650 #0 - SUBJECT ADDED ENTRY--TOPICAL TERM
Topical term or geographic name as entry element Oscillators.
9 (RLIN) 65904
650 #0 - SUBJECT ADDED ENTRY--TOPICAL TERM
Topical term or geographic name as entry element Resonant converters.
9 (RLIN) 65865
700 ## - ADDED ENTRY--PERSONAL NAME
Personal name Tang, Cheng-Yu.
Relator term author.
9 (RLIN) 51347
700 ## - ADDED ENTRY--PERSONAL NAME
Personal name Wu, Hsueh-Ju.
Relator term author.
9 (RLIN) 51348
700 ## - ADDED ENTRY--PERSONAL NAME
Personal name Liao, Chun-Yen.
Relator term author.
9 (RLIN) 51349
700 ## - ADDED ENTRY--PERSONAL NAME
Personal name Wu, Hsiu-Hsien.
Relator term author.
9 (RLIN) 51350
942 ## - ADDED ENTRY ELEMENTS (KOHA)
Source of classification or shelving scheme Dewey Decimal Classification
Koha item type Periodicals
Holdings
Withdrawn status Lost status Source of classification or shelving scheme Damaged status Not for loan Collection code Home library Current library Date acquired Total Checkouts Full call number Date last seen Price effective from Koha item type Public note
    Dewey Decimal Classification     Periodicals UM Digos College - LIC UM Digos College - LIC 02/05/2024   DPer 621.317 Ie21 January 2022 v. 37 n. 1 02/05/2024 02/05/2024 Periodicals Periodical Article